5HLuxD.jpg

KING HENRY VIII SENIOR AND PRIMARY SCHOOL LIBRARY OPAC

The blind assassin / (Record no. 4663)

000 -LEADER
fixed length control field 00854cam a2200289 a 4500
001 - CONTROL NUMBER
control field 834179
003 - CONTROL NUMBER IDENTIFIER
control field OSt
005 - DATE AND TIME OF LATEST TRANSACTION
control field 20250307092505.0
008 - FIXED-LENGTH DATA ELEMENTS--GENERAL INFORMATION
fixed length control field 130220s2001 enk 000 1 eng
020 ## - INTERNATIONAL STANDARD BOOK NUMBER
International Standard Book Number 1860498809
020 ## - INTERNATIONAL STANDARD BOOK NUMBER
International Standard Book Number 9781860498800
040 ## - CATALOGING SOURCE
Original cataloging agency UKM
Language of cataloging eng
Transcribing agency UKM
Modifying agency OCLCQ
-- YDXCP
-- OCLCG
-- PVY
-- KH8
042 ## - AUTHENTICATION CODE
Authentication code nbic
050 #0 - LIBRARY OF CONGRESS CALL NUMBER
Classification number PR9199.3.A8
Item number B55 2001
082 0# - DEWEY DECIMAL CLASSIFICATION NUMBER
Classification number FIC ATW
100 1# - MAIN ENTRY--PERSONAL NAME
Personal name Atwood, Margaret,
Dates associated with a name 1939-
Relator term author.
245 14 - TITLE STATEMENT
Title The blind assassin /
Statement of responsibility, etc. by Margaret Atwood.
260 ## - PUBLICATION, DISTRIBUTION, ETC.
Place of publication, distribution, etc. London :
Name of publisher, distributor, etc. Virago,
Date of publication, distribution, etc. 2001, c2000.
300 ## - PHYSICAL DESCRIPTION
Extent 641 p. ;
Dimensions 20 cm.
500 ## - GENERAL NOTE
General note Originally published: London: Bloomsbury, 2000.
600 10 - SUBJECT ADDED ENTRY--PERSONAL NAME
Personal name Atwood, Margaret,
Dates associated with a name 1939-
Title of a work Blind assassin.
650 #0 - SUBJECT ADDED ENTRY--TOPICAL TERM
Topical term or geographic name entry element Sisters
Form subdivision Fiction.
650 #0 - SUBJECT ADDED ENTRY--TOPICAL TERM
Topical term or geographic name entry element Reminiscing in old age
Form subdivision Fiction.
650 #0 - SUBJECT ADDED ENTRY--TOPICAL TERM
Topical term or geographic name entry element Betrayal
Form subdivision Fiction.
740 0# - ADDED ENTRY--UNCONTROLLED RELATED/ANALYTICAL TITLE
Uncontrolled related/analytical title 盲眼刺客
942 ## - ADDED ENTRY ELEMENTS (KOHA)
Source of classification or shelving scheme
Koha item type Books - Fiction
Holdings
Withdrawn status Lost status Source of classification or shelving scheme Damaged status Not for loan Collection code Permanent Location Current Location Shelving location Date acquired Full call number Barcode Date last seen Price effective from Koha item type
          Fiction KH8 Senior School Library KH8 Senior School Library Fiction 2025-03-07 FIC ATW 3KHSL000102250 2025-03-07 2025-03-07 Books - Fiction

Powered By KH8 IT Dept